The judicial response to the Presidential polarization of the administrative state (Record no. 509877)

000 -LEADER
fixed length control field 01352nam a22001817a 4500
008 - FIXED-LENGTH DATA ELEMENTS--GENERAL INFORMATION
fixed length control field 190625b ||||| |||| 00| 0 eng d
100 ## - MAIN ENTRY--PERSONAL NAME
Personal name Roberts, Robert
245 ## - TITLE STATEMENT
Title The judicial response to the Presidential polarization of the administrative state
260 ## - PUBLICATION, DISTRIBUTION, ETC. (IMPRINT)
Date of publication, distribution, etc 2019
300 ## - PHYSICAL DESCRIPTION
Extent p.3-20.
520 ## - SUMMARY, ETC.
Summary, etc From the late 20th century through today, the relationship between the administrative state and the judiciary has undergone major changes. The same period has seen presidential administrations seek to make use of bureaucratic power to implement their public policy initiatives without having to obtain the approval of Congress. After reviewing the evolution of judicial oversight of the administrative state, the essay argues that the federal courts now make use of an ad hoc approach for determining the scope of judicial oversight of the administrative process. The essay argues that the use of this ad hoc approach has done serious damage to the administrative state, providing insufficient guidelines for presidential administrations to make use of bureaucratic power to implement public policy initiatives. - Reproduced.
650 ## - SUBJECT ADDED ENTRY--TOPICAL TERM
Topical term or geographic name as entry element Judiciary
9 (RLIN) 6530
650 ## - SUBJECT ADDED ENTRY--TOPICAL TERM
Topical term or geographic name as entry element President power
9 (RLIN) 6531
650 ## - SUBJECT ADDED ENTRY--TOPICAL TERM
Topical term or geographic name as entry element Bureaucracy
9 (RLIN) 6532
773 ## - HOST ITEM ENTRY
Main entry heading American Review of Public Administration
906 ## - LOCAL DATA ELEMENT F, LDF (RLIN)
Subject DIP Public administration
942 ## - ADDED ENTRY ELEMENTS (KOHA)
Item type Articles
Holdings
Withdrawn status Lost status Source of classification or shelving scheme Damaged status Not for loan Permanent location Current location Date acquired Serial Enumeration / chronology Barcode Date last seen Koha item type
          Indian Institute of Public Administration Indian Institute of Public Administration 2019-06-25 49(1), Jan, 2019: p.3-20. AR119991 2019-06-25 Articles

Powered by Koha